000 00609nam a2200229Ia 4500
003 OSt
005 20220923214925.0
006 a|||||r|||| 00| 0
007 ta
008 220922b |||||||| |||| 00| 0 hin d
024 _a173,774
037 _cTextual
040 _aARTS
_cARTS
_bhin
041 _2hin
_ahin
082 _aO152:6M92:1, H6;2;J6
100 _aराय, कृष्णदास
245 0 _aसाधना
246 _aSādhanā
260 _c1956
942 _hO152:6M92:1, H6;2;J6
_cTEXL
_2CC
999 _c327638
_d327638